Statistics for Bundesliga Starters 2023/2024

Click here to take the quiz!

General Stats

  • This quiz has been taken 145 times
  • The average score is 75 of 198

Answer Stats

HintAnswer% Correct
Borussia DortmundGKGregor Kobel
90%
FC Bayern MünchenGKManuel Neuer
90%
FC Bayern MünchenCBMin-jae Kim
86%
FC Bayern MünchenCBDayot Upamecano
83%
FC Bayern MünchenSTHarry Kane
83%
FC Bayern MünchenDMJoshua Kimmich
83%
FC Bayern MünchenRMLeroy Sané
83%
FC Bayern MünchenLBAlphonso Davies
81%
FC Bayern MünchenAMJamal Musiala
81%
Borussia DortmundRWDonyell Malen
79%
Borussia DortmundLWKarim Adeyemi
79%
FC Bayern MünchenLMKingsley Coman
79%
FC Bayern MünchenDMLeon Goretzka
79%
Borussia DortmundCBNico Schlotterbeck
79%
Borussia DortmundCBNiklas Süle
79%
Borussia DortmundSTSébastien Haller
79%
Borussia DortmundDMEmre Can
76%
Bayer 04 LeverkusenRMJeremie Frimpong
74%
Borussia DortmundCMJulian Brandt
71%
Eintracht FrankfurtGKKevin Trapp
71%
Bayer 04 LeverkusenGKLukas Hradecky
71%
Bayer 04 LeverkusenCBJonathan Tah
69%
Bayer 04 LeverkusenSTVictor Boniface
69%
Bayer 04 LeverkusenLMAlejandro Grimaldo
67%
Bayer 04 LeverkusenAMFlorian Wirtz
67%
Bayer 04 LeverkusenCMGranit Xhaka
67%
TSG 1899 HoffenheimAMAndrej Kramaric
62%
Bayer 04 LeverkusenCBEdmond Tapsoba
62%
Bayer 04 LeverkusenAMJonas Hofmann
62%
1. FC HeidenheimGKKevin Müller
62%
SC FreiburgCBMatthias Ginter
62%
VfB StuttgartSTSerhou Guirassy
62%
Borussia M'gladbachLWAlassane Plea
60%
Borussia DortmundCMMarcel Sabitzer
60%
FC Bayern MünchenRBNoussair Mazraoui
60%
TSG 1899 HoffenheimGKOliver Baumann
60%
VfL BochumSTPhilipp Hofmann
60%
RB LeipzigLBDavid Raum
57%
Bayer 04 LeverkusenCMExequiel Palacios
57%
RB LeipzigSTLois Openda
57%
Borussia DortmundLBRamy Bensebaini
57%
RB LeipzigAMXavi Simons
57%
VfB StuttgartGKAlexander Nübel
55%
Eintracht FrankfurtAMMario Götze
55%
SV Werder BremenGKJiri Pavlenka
52%
VfL WolfsburgGKKoen Casteels
52%
1. FC Union BerlinLMRobin Gosens
52%
RB LeipzigAMDani Olmo
50%
VfL WolfsburgSTJonas Wind
50%
Borussia DortmundRBMarius Wolf
50%
RB LeipzigCBWilli Orban
50%
RB LeipzigDMXaver Schlager
50%
RB LeipzigRBBenjamin Henrichs
48%
1. FC HeidenheimLMJan-Niklas Beste
48%
SV Werder BremenSTMarvin Ducksch
48%
RB LeipzigCBMohamed Simakan
48%
1. FC Union BerlinSTSheraldo Becker
48%
TSG 1899 HoffenheimSTWout Weghorst
48%
RB LeipzigSTBenjamin Sesko
45%
FC AugsburgSTErmedin Demirovic
45%
Borussia M'gladbachCMFlorian Neuhaus
45%
1. FC Union BerlinGKFrederik Rönnow
45%
RB LeipzigGKJanis Blaswich
45%
VfL WolfsburgCMMaximilian Arnold
45%
Bayer 04 LeverkusenCBPiero Hincapié
45%
VfL BochumGKManuel Riemann
43%
Borussia M'gladbachCMManu Koné
43%
FC AugsburgGKFinn Dahmen
40%
1. FSV Mainz 05AMJae-sung Lee
40%
SC FreiburgSTMichael Gregoritsch
40%
SV Werder BremenRMMitchell Weiser
40%
SC FreiburgCMNicolas Höfler
40%
SC FreiburgGKNoah Atubolu
40%
VfB StuttgartRMSilas
40%
SC FreiburgLMVincenzo Grifo
40%
VfB StuttgartCBWaldemar Anton
40%
VfB StuttgartDMAngelo Stiller
38%
VfB StuttgartLMChris Führich
38%
1. FC KölnSTDavie Selke
38%
1. FC KölnAMFlorian Kainz
38%
1. FC Union BerlinSTKevin Behrens
38%
SC FreiburgSTLucas Höler
38%
Eintracht FrankfurtCBRobin Koch
38%
VfB StuttgartDMAtakan Karazor
36%
1. FC Union BerlinCBDanilho Doekhi
36%
Eintracht FrankfurtCM
Ellyes Skhiri
36%
VfB StuttgartRBJosha Vagnoman
36%
RB LeipzigDMKevin Kampl
36%
Borussia M'gladbachCBKo Itakura
36%
SV Darmstadt 98GKMarcel Schuhen
36%
VfL WolfsburgCBMaxence Lacroix
36%
VfL WolfsburgLWPatrick Wimmer
36%
SC FreiburgCBPhilipp Lienhart
36%
SV Werder BremenSTRafael Borré
36%
1. FC Union BerlinCBRobin Knoche
36%
1. FSV Mainz 05GKRobin Zentner
36%
1. FC HeidenheimSTTim Kleindienst
36%
Eintracht FrankfurtCBTuta
36%
SV Werder BremenCBAmos Pieper
33%
Eintracht FrankfurtCMÉric Dina-Ebimbe
33%
VfB StuttgartLBHiroki Ito
33%
VfL WolfsburgRBJoakim Maehle
33%
Borussia M'gladbachRBJoe Scally
33%
TSG 1899 HoffenheimCBJohn-Anthony Brooks
33%
SV Werder BremenCBMarco Friedl
33%
1. FC KölnGKMarvin Schwäbe
33%
Borussia M'gladbachLBMaximilian Wöber
33%
SV Werder BremenCMRomano Schmid
33%
1. FC Union BerlinCBDiogo Leite
31%
TSG 1899 HoffenheimCMGrischa Prömel
31%
1. FC Union BerlinRMJosip Juranovic
31%
VfL WolfsburgCMLovro Majer
31%
SC FreiburgCMMaximilian Eggestein
31%
1. FC Union BerlinCMRani Khedira
31%
Borussia M'gladbachSTTomas Cvancara
31%
1. FC KölnDMDejan Ljubicic
29%
TSG 1899 HoffenheimCMFlorian Grillitsch
29%
Borussia M'gladbachRWFranck Honorat
29%
1. FSV Mainz 05STLudovic Ajorque
29%
SV Werder BremenCMNaby Keita
29%
Eintracht FrankfurtSTOmar Marmoush
29%
SC FreiburgRMRoland Sallai
29%
FC AugsburgLMRubén Vargas
29%
1. FSV Mainz 05CBStefan Bell
29%
1. FC KölnCBTimo Hübers
29%
1. FC KölnRBBenno Schmitz
26%
VfB StuttgartCBDan-Axel Zagadou
26%
1. FSV Mainz 05CMDominik Kohr
26%
Borussia M'gladbachDMJulian Weigl
26%
VfL BochumAMKevin Stöger
26%
SV Werder BremenCBMilos Veljkovic
26%
Borussia M'gladbachGKMoritz Nicolas
26%
FC AugsburgCMNiklas Dorsch
26%
TSG 1899 HoffenheimCBOzan Kabak
26%
VfL BochumCMAnthony Losilla
24%
Eintracht FrankfurtRMAurélio Buta
24%
1. FC HeidenheimRMEren Dinkci
24%
1. FC KölnCBJulian Chabot
24%
SC FreiburgRBKiliann Sildillia
24%
1. FC Union BerlinCMLucas Tousart
24%
SC FreiburgLBLukas Kübler
24%
TSG 1899 HoffenheimLMMarius Bülter
24%
Borussia M'gladbachCBMarvin Friedrich
24%
TSG 1899 HoffenheimSTMergim Berisha
24%
1. FC HeidenheimRBOmar-Haktab Traoré
24%
1. FC HeidenheimCBPatrick Mainka
24%
TSG 1899 HoffenheimRMPavel Kaderabek
24%
VfL BochumSTTakuma Asano
24%
FC AugsburgRMArne Maier
21%
1. FC KölnDMEric Martel
21%
VfL BochumCBIvan Ordets
21%
SV Werder BremenDMJens Stage
21%
1. FSV Mainz 05AMKarim Onisiwo
21%
1. FSV Mainz 05CMLeandro Barreiro
21%
1. FC KölnLBLeart Paqarada
21%
1. FC KölnRMLinton Maina
21%
SV Darmstadt 98STLuca Pfeiffer
21%
VfL WolfsburgCBCédric Zesiger
19%
SV Darmstadt 98CBChristoph Klarer
19%
FC AugsburgCMElvis Rexhbecaj
19%
FC AugsburgLBIago
19%
Eintracht FrankfurtSTJessic Ngankam
19%
1. FC HeidenheimSTMarvin Pieringer
19%
VfL WolfsburgCMMattias Svanberg
19%
VfL WolfsburgRWVaclav Cerny
19%
1. FC Union BerlinCMAissa Laidouni
17%
FC AugsburgRBArne Engels
17%
TSG 1899 HoffenheimCBAttila Szalai
17%
VfL BochumCBBernardo
17%
SV Darmstadt 98CBChristoph Zimmermann
17%
VfL BochumCBErhan Masovic
17%
1. FC KölnLMLuca Waldschmidt
17%
SV Darmstadt 98CBMatej Maglica
17%
SV Darmstadt 98RMMatthias Bader
17%
VfL BochumLMMaximilian Wittek
17%
1. FSV Mainz 05RMSilvan Widmer
17%
VfB StuttgartAMWoo-yeong Jeong
17%
1. FSV Mainz 05CBAnthony Caci
14%
FC AugsburgCBFelix Uduokhai
14%
1. FC HeidenheimLBJonas Föhrenbach
14%
SV Werder BremenLMOlivier Deman
14%
VfL WolfsburgLBRogério
14%
1. FC HeidenheimCBTim Siersleben
14%
FC AugsburgSTDion Beljo
12%
SV Darmstadt 98CMFabian Holland
12%
1. FC HeidenheimCMLennard Maloney
12%
FC AugsburgCBMaximilian Bauer
12%
Eintracht FrankfurtLMNiels Nkounkou
12%
1. FSV Mainz 05CBSepp van den Berg
12%
VfL BochumRMFelix Passlack
10%
Eintracht FrankfurtCBHrvoje Smolcic
10%
SV Darmstadt 98AMMathias Honsak
10%
VfL BochumCMMatus Bero
10%
1. FSV Mainz 05LMPhillipp Mwene
10%
SV Darmstadt 98LMEmir Karic
7%
1. FC HeidenheimCMDenis Thomalla
5%
SV Darmstadt 98AMOscar Vilhelmsson
5%
SV Darmstadt 98CMBartol Franjic
0%

Score Distribution

Percentile by Number Answered

Percent of People with Each Score

Your Score History

You have not taken this quiz